Lógica : in usum scholarum /

Guardat en:
Dades bibliogràfiques
Autor principal: Frick, Carolo (autor)
Format: Llibre
Idioma:llatí
Publicat: Friburgo, Alemania : Herder, 1908, c1908
Col·lecció:(Cursus philosophicus in usum scholarum auctoribus pluribus philosophiae professoribus in collegiis exaetensi et stonyhurstensi S.J. ; 1)
Matèries:
Etiquetes: Afegir etiqueta
Sense etiquetes, Sigues el primer a etiquetar aquest registre!

MARC

LEADER 00000nam^a2200000^a^4500
001 000582789
005 20250526000000.0
009 20260310132636.887
037 |a Acervo Xavier Clavigero 
041 |a LAT 
082 |a 160.  |b FRI 
100 |a Frick, Carolo  |e (autor) 
245 1 0 |a Lógica :  |b in usum scholarum /  |c C. Frick. 
264 4 |a Friburgo, Alemania :  |b Herder,  |c 1908, c1908 
300 |a XII, 326 p. ;  |c 20.0 cm. 
336 |a texto  |b txt  |2 rdacontenido 
337 |a sin mediación  |b n  |2 rdamedio 
338 |a volumen  |b nc  |2 rdasoporte 
440 1 |a (Cursus philosophicus in usum scholarum auctoribus pluribus philosophiae professoribus in collegiis exaetensi et stonyhurstensi S.J. ;  |v 1) 
561 |a Ex libris de Bibliotheca Coll. Max. Ysletensis S.J. 
561 |a Ex libris del Instituto de Literatura (Puente Grande, Jalisco) 
561 |a Ex libris de Bibl. Phil. IHS Prov. Mex. S.I. 
561 |a Ex libris Biblioteca Iunioratus Dom. Prob. S. Joseph 
649 |a XX 
650 |a Verdad 
650 |a Falsedad 
650 |a Razonamiento Lógico 
650 |a Argumentación 
650 |a Juicio (Lógica) 
650 |a Lógica Formal 
650 |a Razonamiento 
650 |a Lógica -  |x Tema Principal 
650 |a Filosofía del Conocimiento 
650 |a Filosofía 
910 |a Fondo General 
920 |a Impresos - Libros 
930 |a Libros Antiguos y Raros 
905 |a 108 
901 |a 012982  |b IT2  |c LRA  |i 12982  |u 20250526 
901 |a 012980  |b IT2  |c LRA  |i 12980  |u 20250526 
901 |a 012981  |b IT2  |c LRA  |i 12981  |u 20250526 
902 |a https://opac.biblio.iteso.mx/vufind/Record/000582789